00712cam a2200205 a 450000100100000000500170001000800410002704000290006808200170009710000420011424500500015626000420020630000210024865000260026965000310029591000330032604900090035995201210036899900170048900001846320200929165818.0910605s1960 fr 000 0 fre d aDO-SdBNPbfrecLCdBNPHU a843.8bG328a1 aGenevoix, Maurice,d1890-1980.93995110aAu cadran de mon clocher /cMaurice Genevoix. aParis :bPresses de la Cité,c1960. a228 p. ;c22 cm. 4aNovela francesa91075 4aLiteratrua francesa939952 aCatalogación derivada / LC aBNGR 001052708MOaGRbGRcCTd2010-05-10iLF1l0o843.8 G328ap18463-10r2020-06-25w2020-06-25y2ZPréstamo interno c17983d17983